[Event "Oberliga Bayern9899"]
[Site "Bayern"]
[Date "1999.??.??"]
[Round "?"]
[White "Reilein, Christian"]
[Black "Pohl Kuemmel, Jens Uwe"]
[Result "1/2-1/2"]
[WhiteElo "2310"]
[BlackElo "2245"]

1.d4 Nf6 2.Nf3 g6 3.c4 Bg7 4.Nc3 O-O 5.e4 d6 6.Be2 e5 7.dxe5 dxe5 8.Qxd8 Rxd8
9.Bg5 Re8 10.Nd5 Nxd5 11.cxd5 c6 12.Bc4 cxd5 13.Bxd5 Na6 14.O-O-O Nc7 15.Bb3 Be6
16.Bxe6 Nxe6 17.Be3 Red8 18.Rxd8+ Rxd8 19.Bxa7 Ra8 20.Be3 Rxa2 21.Kb1 Ra8
22.Rd1 Rd8 23.Rxd8+ Nxd8 24.Kc2 Nc6 25.Kc3 b5 26.Ne1 f5 27.Nd3 Bf8 28.f3 Kf7
29.Bc5 fxe4 30.fxe4 Bxc5 31.Nxc5 Ke7 32.Nd3 Kd6 33.Nb4 Nd4 34.Nd5 Nc6 35.g4 h6
36.h4 Kc5 37.Nf6 Nd4 38.Nd7+ Kd6 39.Nf8 g5 40.hxg5 hxg5 41.Kb4 Kc6 42.Ng6 Kd6
43.Ka5 Nb3+ 44.Kxb5 Nd2 45.Nf8 Nxe4 46.Nh7 Kd5 47.b4 Nd6+ 48.Kb6 Nf7 49.Nf6+ Kd4
50.Nh5 e4 51.Ng3 Ne5 52.b5 Nxg4 53.Kc6 Ne3 54.Kd6 g4 55.Ke6 Nc4 56.Kf5 Nd6+
57.Kxg4 Nxb5 58.Nxe4  1/2-1/2

[Event "Oberliga Bayern9899"]
[Site "Bayern"]
[Date "1999.??.??"]
[Round "?"]
[White "Schmidt, Wlodzimierz"]
[Black "Delitzsch, Juergen"]
[Result "1-0"]
[WhiteElo "2480"]
[BlackElo "2180"]

1.Nf3 Nf6 2.c4 g6 3.Nc3 Bg7 4.e4 d6 5.d4 O-O 6.Be2 e5 7.O-O Na6 8.Bg5 h6
9.Bh4 Qe8 10.Bxf6 Bxf6 11.c5 Nb4 12.dxe5 dxe5 13.Qb3 a5 14.a3 Na6 15.Nd5 Bd8
16.Qc3 a4 17.Nxe5 Nxc5 18.Nxg6 fxg6 19.Qxc5 Qe5 20.Bc4 Kg7 21.f4 Qxb2 22.Ra2  1-0

[Event "Landesliga Nord 9899"]
[Site "Bayern"]
[Date "1999.??.??"]
[Round "?"]
[White "Loos, Roland"]
[Black "Neumann, Petr"]
[Result "1-0"]
[WhiteElo "2180"]
[BlackElo "2350"]

1.d4 Nf6 2.Nf3 g6 3.c4 Bg7 4.Nc3 O-O 5.e4 d6 6.Be2 e5 7.d5 Nbd7 8.Be3 Ng4
9.Bg5 f6 10.Bd2 Nh6 11.h4 a5 12.h5 g5 13.Nh2 f5 14.exf5 Nxf5 15.h6 Nxh6 16.Ne4 Nf7
17.Qc2 Nc5 18.Ng4 h6 19.Nxh6+ Nxh6 20.Bxg5 Nxe4 21.Bxd8 Bf5 22.Bd3 Nc5 23.Bxf5 Nxf5
24.Bg5 e4 25.O-O-O Nd4 26.Rxd4 Bxd4 27.Be3 Bxe3+ 28.fxe3 Rf7 29.Qc3 Rg7 30.Qf6 Rf8
31.Qh4 Rf2 32.Qd8+ Rf8 33.Qh4 Rf2 34.Kb1 Rf5 35.g4 Rf3 36.g5 Kf7 37.Qh5+ Rg6
38.Qh8 Rf2 39.Qd8 Na6 40.a3 Rf5 41.Qd7+  1-0

[Event "JUG-ch"]
[Site "Belgrade"]
[Date "1999.??.??"]
[Round "8"]
[White "Damljanovic, Branko"]
[Black "Antic, Dejan"]
[Result "0-1"]
[WhiteElo "2551"]
[BlackElo "2479"]

1.c4 Nf6 2.Nc3 g6 3.e4 d6 4.d4 Bg7 5.Nf3 O-O 6.Be2 e5 7.Be3 Ng4 8.Bg5 f6
9.Bc1 Nc6 10.d5 Ne7 11.h3 Nh6 12.h4 f5 13.Ng5 Ng4 14.Bxg4 fxg4 15.Be3 Rf6
16.c5 Bh6 17.Qb3 Bxg5 18.hxg5 Rf7 19.cxd6 cxd6 20.Rc1 Bd7 21.Qxb7 g3 22.O-O Rb8
23.Qxa7 gxf2+ 24.Rxf2 Rxf2 25.Kxf2 Rxb2+ 26.Kg1 Nc8 27.Qa3 Rb7 28.Qa6 Rb4
29.Qe2 Nb6 30.Bxb6 Qxb6+ 31.Qf2 Qd4 32.Qxd4 exd4 33.Nd1 d3 34.Kf2 Rxe4 35.Nc3 d2
36.Rd1  0-1

[Event "Berlin Tegel-B"]
[Site "Berlin"]
[Date "1999.??.??"]
[Round "10"]
[White "Kiesekamp, Marcos"]
[Black "Ivanov, Mikhail M"]
[Result "0-1"]
[WhiteElo "2235"]
[BlackElo "2510"]

1.d4 Nf6 2.c4 d6 3.Nc3 Nbd7 4.e4 e5 5.Nf3 g6 6.Be2 Bg7 7.O-O O-O 8.Re1 h6
9.Bf1 Nh7 10.Be3 f5 11.exf5 gxf5 12.dxe5 dxe5 13.Qd5+ Kh8 14.Rad1 Qf6 15.h4 Qg6
16.Be2 Nhf6 17.Nxe5 Qe8 18.Nxd7 Nxd5 19.Nxf8 Nxc3 20.bxc3 Qxf8 21.Bc5  0-1

[Event "Bled op Seniors"]
[Site "Bled"]
[Date "1999.??.??"]
[Round "?"]
[White "Ursic, Silvio"]
[Black "Bohak, Janko"]
[Result "0-1"]
[WhiteElo "2017"]
[BlackElo "2189"]

1.c4 Nf6 2.Nc3 g6 3.d4 Bg7 4.Nf3 O-O 5.e4 d6 6.Be2 e5 7.dxe5 dxe5 8.Bg5 Nbd7
9.Qc2 c6 10.Rd1 Qc7 11.O-O Nc5 12.h3 Ne6 13.Be3 Nh5 14.g3 Nd4 15.Nxd4 exd4
16.Bxd4 Bxh3 17.Bxh5 Bxf1 18.Kxf1 gxh5 19.Bxg7 Kxg7 20.Qe2 Rad8 21.Qxh5 Rxd1+
22.Nxd1 f6 23.Ne3 Kh8 24.Ng4 Qe7 25.Qf5 Kg7 26.b3 b6 27.e5 fxe5 28.Qxe5+ Qxe5
29.Nxe5 c5 30.f4 h5 31.Nf3 Kf6 32.Nh4 Rg8 33.Kf2 a6 34.Kf3 b5 35.cxb5 axb5
36.Ng2 Ra8 37.a4 c4 38.axb5 cxb3 39.Ne3 b2  0-1

[Event "Bretagne"]
[Site "Bretagne"]
[Date "1999.??.??"]
[Round "1"]
[White "Dumitrache, Dragos"]
[Black "Popescu, Daniel Dorin"]
[Result "1/2-1/2"]
[WhiteElo "2425"]
[BlackElo "2365"]

1.d4 Nf6 2.Nf3 d6 3.c4 g6 4.Nc3 Bg7 5.e4 O-O 6.Be2 e5 7.dxe5 dxe5 8.Qxd8 Rxd8
9.Bg5 Re8 10.Nd5 Nxd5 11.cxd5 c6 12.Bc4 b5 13.Bb3 a5 14.dxc6 Nxc6 15.Bd5 Ra6
16.a3 Bg4 17.Rc1 Bxf3 18.Bxc6  1/2-1/2

[Event "CUB-ch U20"]
[Site "Camaguey"]
[Date "1999.??.??"]
[Round "4"]
[White "Olivera, Joan"]
[Black "Gonzalez, Yuri"]
[Result "0-1"]
[WhiteElo "2375"]
[BlackElo "2425"]

1.d4 Nf6 2.c4 g6 3.Nc3 Bg7 4.e4 d6 5.Be2 O-O 6.Nf3 e5 7.Be3 exd4 8.Nxd4 c6
9.Qd2 Qe7 10.f3 Rd8 11.Rd1 Nbd7 12.O-O d5 13.exd5 cxd5 14.Nc2 dxc4 15.Bxc4 a6
16.b4 Re8 17.Rfe1 Ne5 18.Bc5 Qc7 19.Nd5 Nxd5 20.Bxd5 Be6 21.Qf2 Bf5 22.Be4 Ng4
23.fxg4 Bxe4 24.Ne3 b5 25.g5 a5 26.Ng4 axb4 27.Bd4 Bf5 28.Nf6+ Bxf6 29.Bxf6 Qc2
30.Rd2 Qc6 31.Red1 h5 32.Ba1 Qe4 33.Bd4 Qg4 34.h4 Rac8 35.Bf6 Qe4 36.Rd8 Rexd8
37.Rxd8+ Rxd8 38.Bxd8 Qb1+ 39.Kh2 Qd1 40.Bf6 Qd6+ 41.g3 Kh7 42.Qb2 Be4 43.Qd4 Qc6
44.Qd2 Qc4 45.Kg1 Bd5 46.Ba1 Qe4 47.Qb2  0-1

[Event "Cannes"]
[Site "Cannes"]
[Date "1999.??.??"]
[Round "1"]
[White "Maruejols, Claude"]
[Black "Giffard, Nicolas"]
[Result "1/2-1/2"]
[WhiteElo "2015"]
[BlackElo "2369"]

1.d4 Nf6 2.c4 d6 3.Nc3 e5 4.Nf3 Nbd7 5.e4 g6 6.Be2 Bg7 7.O-O O-O 8.Be3 Ng4
9.Bg5 f6 10.Bd2 Nh6 11.Qc2 Nf7 12.b4 exd4 13.Nxd4 Nde5 14.Rfd1 Re8 15.f3 a6
16.Qb3 Qe7 17.Be1 Kh8 18.Bf2 Nh6 19.h3 f5 20.f4 Nef7 21.Bf3 g5 22.exf5 gxf4
23.Re1 Be5 24.f6 Qxf6 25.Ne4 Qg6 26.c5 Bxh3 27.Nxd6 Rg8 28.Be4 Qg7 29.Qxh3 Bxd4
30.Nxf7+ Nxf7 31.Qxh7+ Qxh7 32.Bxd4+ Qg7 33.Bxg7+ Rxg7 34.Rad1 Re8 35.Kf2 Ne5
36.Rh1+ Kg8 37.Rh4 Ng4+ 38.Kf3 Nf6 39.Bc2 Rg3+ 40.Kxf4 Rxg2 41.Bb3+ Kg7 42.Kf3 Ree2
43.Rd8 Rgf2+  1/2-1/2

[Event "Cannes"]
[Site "Cannes"]
[Date "1999.??.??"]
[Round "2"]
[White "Bes, Stephane"]
[Black "Gallagher, Joseph G"]
[Result "0-1"]
[WhiteElo "2183"]
[BlackElo "2519"]

1.d4 Nf6 2.Nf3 g6 3.c4 Bg7 4.Nc3 O-O 5.e4 d6 6.Be2 e5 7.O-O Na6 8.Re1 Qe8
9.Bf1 Bg4 10.d5 Nh5 11.h3 Bd7 12.Be3 f5 13.exf5 gxf5 14.Bd2 Nf6 15.Nd4 Qf7
16.Nc2 Nc5 17.Be3 Kh8 18.f4 Nfe4 19.Nxe4 Nxe4 20.Qf3 b6 21.Rad1 Rae8 22.Bc1 Qg6
23.b3 a5 24.Kh2 Rg8 25.Bb2 Re7 26.Ne3 Bf6 27.Bd3 exf4 28.Bxf6+ Nxf6 29.Qxf4 Rxe3  0-1

[Event "Cannes"]
[Site "Cannes"]
[Date "1999.??.??"]
[Round "2"]
[White "Timoshchenko, Gennadi A"]
[Black "Marino, Olivier"]
[Result "1-0"]
[WhiteElo "2500"]
[BlackElo "2109"]

1.d4 Nf6 2.c4 g6 3.Nc3 Bg7 4.e4 d6 5.Nf3 O-O 6.Be2 e5 7.Be3 exd4 8.Nxd4 Re8
9.f3 c6 10.Qd2 d5 11.exd5 cxd5 12.O-O Nc6 13.Rad1 Nxd4 14.Bxd4 dxc4 15.Bxc4 Be6
16.Bb5 Rf8 17.Qf2 Qc7 18.Bxa7 Bc4 19.Bb6 Qc8 20.Bxc4 Qxc4 21.Rfe1 Rfe8 22.Rxe8+ Rxe8
23.g3 Nh5 24.Bd4 Bxd4 25.Rxd4 Qc6 26.Kg2 Ng7 27.Ne4 Nf5 28.Rd3 Kg7 29.Qd2 Ra8
30.a3 Rc8 31.g4 Ne7 32.Rc3 Qe6 33.Rxc8 Nxc8 34.Qc3+ Kf8 35.Qh8+ Ke7 36.Qxh7  1-0

[Event "Cannes"]
[Site "Cannes"]
[Date "1999.??.??"]
[Round "3"]
[White "Laketic, Gojko"]
[Black "Marino, Olivier"]
[Result "1-0"]
[WhiteElo "2396"]
[BlackElo "2109"]

1.d4 Nf6 2.c4 g6 3.Nc3 Bg7 4.e4 d6 5.Nf3 O-O 6.Be2 e5 7.d5 a5 8.Bg5 h6 9.Bh4 Na6
10.Nd2 Qe8 11.a3 Bd7 12.b3 Nh7 13.Rb1 h5 14.f3 Bh6 15.Bf2 Qe7 16.h4 f5 17.b4 axb4
18.axb4 c5 19.dxc6 bxc6 20.c5 Rfb8 21.cxd6 Qxd6 22.Nc4 Qc7 23.b5 cxb5 24.Nd5 Qd8
25.Nxe5 Be8 26.O-O Nc7 27.Nxc7 Qxc7 28.Qd5+ Kh8 29.exf5 gxf5 30.Qe6 Bg7 31.Ng6+ Bxg6
32.Qxg6 Qd7 33.Rfd1 Qe7 34.Bd3 Ra2 35.Bxf5 Nf6 36.Rd7  1-0

[Event "Cannes op"]
[Site "Cannes"]
[Date "1999.??.??"]
[Round "6"]
[White "Relange, Eloi"]
[Black "Voiska, Margarita"]
[Result "1-0"]
[WhiteElo "2478"]
[BlackElo "2364"]

1.d4 Nf6 2.Nf3 g6 3.c4 Bg7 4.Nc3 O-O 5.e4 d6 6.Be2 e5 7.O-O Nbd7 8.Be3 c6
9.d5 cxd5 10.cxd5 Ng4 11.Bc1 h6 12.Nd2 Ngf6 13.Nc4 Nb6 14.Ne3 Nh7 15.a4 f5
16.a5 Nd7 17.exf5 gxf5 18.f4 exf4 19.Nc4 Ne5 20.Bxf4 Ng5 21.Kh1 Ngf7 22.Qb3 Ng6
23.Be3 Nfe5 24.Nxe5 Bxe5 25.Qb4 f4 26.Bg1 Nh4 27.Bd4 Qg5 28.Rg1 Bxd4 29.Qxd4 Nf5
30.Qd3 Qh4 31.Ra4 Bd7 32.g3 Qd8 33.Rxf4 Qxa5 34.Bg4 Qa6 35.Qc2  1-0

[Event "Cannes op"]
[Site "Cannes"]
[Date "1999.??.??"]
[Round "7"]
[White "Spiridonov, Nikola"]
[Black "Reizniece, Dana"]
[Result "1-0"]
[WhiteElo "2398"]
[BlackElo "2270"]

1.d4 Nf6 2.c4 g6 3.Nc3 Bg7 4.e4 d6 5.Be2 O-O 6.Nf3 e5 7.Be3 Ng4 8.Bg5 f6
9.Bh4 Nc6 10.d5 Ne7 11.Nd2 Nh6 12.f3 g5 13.Bf2 f5 14.exf5 Nhxf5 15.O-O Ng6
16.Bd3 Nf4 17.Be4 h5 18.Ne2 g4 19.fxg4 hxg4 20.Nxf4 exf4 21.Qxg4 Ng3 22.Qg6 Nxe4
23.Qxe4 Bf5 24.Qxf4 Bd3 25.Qg3 Bxf1 26.Nxf1 Qd7 27.Nd2 Kh7 28.Qh4+ Bh6 29.Ne4 Rae8
30.Bd4 Qe7 31.Nf6+ Rxf6 32.Qxf6 Be3+ 33.Kh1 Bxd4 34.Qxd4 Qe2 35.b3 Re4 36.Qd1 Qf2
37.Qd3 Qf5 38.Rf1 Qg6 39.h3 Kg7 40.Kh2 a5 41.a4 b6 42.Qg3 Qxg3+ 43.Kxg3 Re2
44.Rf3 Kg6 45.Kh4 Rb2 46.g4 Rb1 47.Re3 Rb2 48.Kg3 Rb1 49.h4 Rg1+ 50.Kf4 Rf1+
51.Rf3  1-0

[Event "Cappelle op"]
[Site "Cappelle la Grande"]
[Date "1999.??.??"]
[Round "9"]
[White "Watanabe, Akira"]
[Black "Spraggett, Kevin"]
[Result "1-0"]
[WhiteElo "2360"]
[BlackElo "2523"]

1.d4 Nf6 2.c4 g6 3.Nc3 Bg7 4.e4 d6 5.Be2 O-O 6.Nf3 e5 7.Be3 c6 8.d5 Na6 9.O-O Ng4
10.Bg5 f6 11.Bh4 c5 12.Ne1 Nh6 13.f3 Nf7 14.Rb1 h5 15.Kh1 Bh6 16.Nd3 b6 17.b4 Kg7
18.a4 Nxb4 19.Nxb4 cxb4 20.Rxb4 Be3 21.Rb1 Bd7 22.Bf2 Bxf2 23.Rxf2 Qc7 24.Bf1 Nd8
25.a5 Qc5 26.Ra2 bxa5 27.Na4 Bxa4 28.Qxa4 Rf7 29.Rb5 Qe3 30.Rab2 Rc8 31.h3 Rcc7
32.Rb8 Rcd7 33.c5 Qxc5 34.Rb1 Nb7 35.Ba6 Nd8 36.Bb5 Rde7 37.Rxd8 Rb7 38.Qxa5 Qc2
39.Ra1 Qc5 40.Bf1  1-0

[Event "Cappelle op"]
[Site "Cappelle la Grande"]
[Date "1999.??.??"]
[Round "9"]
[White "Akesson, Ralf"]
[Black "Poluljahov, Aleksandr"]
[Result "1/2-1/2"]
[WhiteElo "2530"]
[BlackElo "2566"]

1.d4 Nf6 2.c4 g6 3.Nc3 Bg7 4.e4 d6 5.Nf3 O-O 6.Be2 e5 7.Be3 Ng4 8.Bg5 f6
9.Bh4 Nc6 10.d5 Ne7 11.Nd2 h5 12.O-O c5 13.dxc6 bxc6 14.b4 Be6 15.Nb3 Nh6
16.f3 Qb6+ 17.c5 Qxb4 18.cxd6 Rfd8 19.Qc2 Qxd6 20.Bf2 Nc8 21.Nc5 Bf7 22.Rad1 Qe7
23.Rxd8+ Qxd8 24.Rd1 Qe8 25.Na6 Qe7 26.Qa4 Nb6 27.Bxb6 axb6 28.Qxc6 Rd8 29.Qxb6 Rxd1+
30.Bxd1 Qa3 31.Bb3 Kh7 32.Ne2 Qb2 33.Qb5 Bxb3 34.axb3 Nf7 35.Qd3 Bf8 36.h3 h4
37.b4 Bxb4 38.Qc4 Nd6 39.Qxb4 Qxe2 40.Qxd6 Qe1+  1/2-1/2

[Event "Ceske Budejovice op"]
[Site "Ceske Budejovice"]
[Date "1999.??.??"]
[Round "3"]
[White "Vacek, Radomir"]
[Black "Karlik, Vladimir"]
[Result "1-0"]
[WhiteElo "2195"]
[BlackElo "2320"]

1.d4 Nf6 2.c4 g6 3.Nc3 Bg7 4.e4 d6 5.Be2 O-O 6.Nf3 Nbd7 7.O-O e5 8.d5 Nc5
9.Qc2 a5 10.h3 Nh5 11.Be3 Nf4 12.Rfd1 Nxe2+ 13.Qxe2 b6 14.Nd2 f5 15.f3 f4
16.Bf2 h5 17.b3 g5 18.Kf1 Qf6 19.Ke1 Qh6 20.Qf1 g4 21.hxg4 hxg4 22.Ke2 Qg6
23.Re1 Kf7 24.Kd1 Rh8 25.Kc2 gxf3 26.gxf3 Rh2 27.Re2 Bd7 28.Bg1 Bh3 29.Qe1 Rh1
30.Rh2 Rxh2 31.Bxh2 Rh8 32.Bg1 Bd7 33.Bxc5 dxc5 34.Qf2 Rh3 35.Rg1 Rg3 36.Ne2 Rxg1
37.Nxg1 Qg3 38.Qxg3 fxg3 39.Nf1 Kf6 40.Nxg3 Kg5 41.Kd3 a4 42.N1e2 axb3 43.axb3 Bh6
44.Nf1 Bh3 45.Ne3 Bf8 46.Kd2 Bh6 47.Ke1 Bf8 48.Kf2 Bd7 49.Nc3 Be7 50.Kg3 Bd6
51.Nb5 Be8 52.Nxd6 cxd6 53.Nf5  1-0

[Event "CUB-ch (Women)"]
[Site "CUB"]
[Date "1999.??.??"]
[Round "?"]
[White "Miguez, Daglay"]
[Black "Pina, Sulennis"]
[Result "0-1"]
[WhiteElo "2098"]
[BlackElo "2241"]

1.d4 Nf6 2.Nf3 d6 3.c4 g6 4.Nc3 Bg7 5.e4 O-O 6.Be2 Nbd7 7.O-O e5 8.Be3 Ng4
9.Bg5 f6 10.Bc1 Nh6 11.dxe5 dxe5 12.Qd5+ Nf7 13.c5 c6 14.Qc4 Qe7 15.Be3 Kh8
16.Nd2 f5 17.f3 f4 18.Bf2 h5 19.b4 g5 20.Qb3 Nf6 21.Na4 Ne8 22.Nb2 g4 23.Rfd1 Qg5
24.Nf1 Bf6 25.Rd2 Nc7 26.a4 Qg6 27.Nc4 Ng5 28.Nd6 Nh3+ 29.gxh3 gxh3+ 30.Bg3 h4
31.Kf2 hxg3+ 32.hxg3 h2  0-1

[Event "CZE-chT2 9899"]
[Site "CZE"]
[Date "1999.??.??"]
[Round "?"]
[White "Hrubant, Ivan"]
[Black "Mista, Ladislav"]
[Result "1/2-1/2"]
[WhiteElo "2165"]
[BlackElo "2280"]

1.d4 g6 2.c4 Bg7 3.Nc3 d6 4.e4 e5 5.Nf3 Nd7 6.Be2 Ngf6 7.O-O O-O 8.Be3 Ng4
9.Bg5 f6 10.Bd2 Nh6 11.Qc2 c6 12.Rad1 Qe7 13.Bc1 f5 14.Bg5 Nf6 15.c5 exd4
16.cxd6 Qe8 17.e5 Nfg4 18.Bc4+ Kh8 19.e6 Bxe6 20.Rfe1 Ne3 21.Bxe3 dxe3 22.Rxe3 Bxc4
23.Rxe8 Rfxe8 24.Na4 Bd5 25.Nc3 Bg8 26.h4 Rad8 27.Qa4 a6 28.d7 Re7 29.Qf4 Rdxd7
30.Rxd7 Rxd7 31.Qb8 Ng4 32.Qe8  1/2-1/2

[Event "CZE-chT2 9899"]
[Site "CZE"]
[Date "1999.??.??"]
[Round "?"]
[White "Jedlicka, Ales"]
[Black "Mista, Ladislav"]
[Result "0-1"]
[WhiteElo "2155"]
[BlackElo "2280"]

1.d4 g6 2.c4 Bg7 3.Nf3 d6 4.Nc3 Nf6 5.e4 O-O 6.Be2 e5 7.O-O Nbd7 8.Re1 c6
9.Bf1 Re8 10.Rb1 exd4 11.Nxd4 Nc5 12.f3 a5 13.Be3 Bd7 14.Nb3 Nxb3 15.axb3 Be6
16.Qd2 Bf8 17.Red1 Nd7 18.Qf2 f6 19.Ra1 Qb8 20.Ne2 Nc5 21.Nd4 Bf7 22.Bd2 Qc7
23.Bc3 Bg7 24.Ra3 b6 25.Rda1 Qb7 26.Qg3 Rad8 27.Kh1 d5 28.cxd5 cxd5 29.Bb5 Rf8
30.b4 axb4 31.Ra7 bxc3 32.Rxb7 cxb2 33.Rb1 Nxb7 34.Nc6 Ra8 35.Qe1 dxe4 36.fxe4 Ra2
37.Nb4 Ra5 38.Bc6 Nc5 39.Rxb2 f5 40.Rb1 Nxe4 41.Bxe4 Re5 42.Qf2 Rxe4 43.Qxb6 Rfe8
44.Nc2 Re2 45.Qc5 Bf8 46.Qc3 Bd5 47.Rg1 Bg7 48.Qd3 Ba8 49.Nd4 Rxg2 50.Nf3 Rf2  0-1

[Event "CZE-chT2 9899"]
[Site "CZE"]
[Date "1999.??.??"]
[Round "?"]
[White "Forman, Stefan"]
[Black "Kourek, Josef"]
[Result "0-1"]
[WhiteElo "2250"]
[BlackElo "2290"]

1.d4 Nf6 2.Nf3 g6 3.c4 Bg7 4.Nc3 O-O 5.e4 d6 6.Be2 e5 7.dxe5 dxe5 8.Qxd8 Rxd8
9.Bg5 Re8 10.Rd1 c6 11.O-O Nbd7 12.Rd6 h6 13.Bh4 Nh5 14.Rfd1 Nf8 15.Rd8 Bg4
16.Rxa8 Rxa8 17.h3 Bxf3 18.Bxf3 Nf4 19.Be7 N4e6 20.Bxf8 Kxf8 21.Rd7 Nc5 22.Rc7 Rb8
23.Bg4 Ke8 24.b4 Na6 25.Rd7 h5 26.Be6 Bf8 27.Rxf7 Bxb4 28.Na4 Be7 29.Rh7 Rd8
30.Bf7+ Kf8 31.Bxg6 Rd1+ 32.Kh2 h4 33.Rf7+ Ke8 34.Rf3+ Kd8 35.Nb2 Rd4 36.Rd3 Nb4
37.Rb3 Kc7 38.a3 Nc2 39.a4 Nb4 40.c5 Bxc5 41.Rc3 b6 42.Nc4 Nd3 43.Rc2 Nxf2
44.Nxb6 Rd1 45.Nd5+ Kd6 46.g3 cxd5 47.exd5 hxg3+ 48.Kxg3 Rg1+  0-1

[Event "CZE-chT2 9899"]
[Site "CZE"]
[Date "1999.??.??"]
[Round "?"]
[White "Adamek, Zdenek"]
[Black "Jedlicka, Ales"]
[Result "1/2-1/2"]
[WhiteElo "2135"]
[BlackElo "2155"]

1.d4 Nf6 2.c4 g6 3.Nc3 Bg7 4.e4 d6 5.Nf3 O-O 6.Be2 e5 7.O-O Na6 8.Be3 exd4
9.Bxd4 Re8 10.Bd3 Nc5 11.Re1 Ne6 12.Be3 Ng4 13.Bd2 c6 14.h3 Ne5 15.Bf1 Qf6
16.Nh2 Nf4 17.Be3 g5 18.Ng4 Bxg4 19.hxg4 h6 20.g3 Ne6 21.Be2 Nc5 22.Kg2 Qe6
23.Bd4 Ned3 24.Bxd3 Bxd4 25.Rc1 Qf6 26.Rf1 Bxc3 27.Rxc3 Nxe4 28.Bxe4 Rxe4
29.Rf3 Qe5 30.Rf5 Qe6 31.b3 Re8 32.Qf3 Kg7 33.Rd1 Re7 34.Rd2 Rd7 35.Qc3+ f6
36.Qf3 Re5 37.Rd1 d5 38.cxd5 Rdxd5 39.Rxd5 Rxd5 40.Kh2 Kg6 41.Rxd5 cxd5 42.Qd3+ Kg7
43.Qd4 b6 44.Qa4 Qe7 45.Qc6 Qd8 46.Qc3 d4 47.Qd3 Qd7 48.f3 Qd6 49.Kg2 Qa3
50.Qd2 Qc5 51.Kf1 b5 52.Ke2 Kf7 53.Qd3 Qe5+ 54.Qe4 Qc5 55.Qh7+ Ke8 56.Qg8+ Kd7
57.Qf7+ Kc8 58.Qe8+ Kb7 59.Qf7+ Kb6 60.Qxf6+ Ka5 61.Qf5 Qc1 62.Qd3 Qg1 63.b4+ Kxb4
64.Qb3+ Kc5 65.Qa3+ Kd5 66.Qb3+ Kd6 67.Qa3+ Kc6 68.Qa6+ Kc5 69.Qa3+  1/2-1/2

[Event "CZE-chT2 9899"]
[Site "CZE"]
[Date "1999.??.??"]
[Round "?"]
[White "Kozak, Milos"]
[Black "Pachmann, Ales"]
[Result "1/2-1/2"]
[WhiteElo "2290"]
[BlackElo "2285"]

1.d4 Nf6 2.c4 g6 3.Nc3 Bg7 4.e4 d6 5.Nf3 O-O 6.Be2 e5 7.O-O exd4 8.Nxd4 Re8
9.f3 c6 10.Kh1 Nbd7 11.Rb1  1/2-1/2

[Event "Moravia-chT 9899"]
[Site "CZE"]
[Date "1999.??.??"]
[Round "6"]
[White "Ruzicka, Frantisek"]
[Black "Potomak, Vladimir"]
[Result "0-1"]
[WhiteElo "2115"]
[BlackElo "2215"]

1.c4 Nf6 2.Nc3 g6 3.d4 Bg7 4.e4 d6 5.Nf3 O-O 6.Be2 e5 7.O-O Nbd7 8.d5 Nc5
9.Qc2 a5 10.Be3 Nfd7 11.Nd2 f5 12.f3 Qe7 13.a3 a4 14.Qb1 Nf6 15.b4 axb3 16.Nxb3 fxe4
17.fxe4 Na4 18.Nxa4 Rxa4 19.Nd2 b6 20.Qd3 Bd7 21.Bf3 Rfa8 22.Nb1 b5 23.cxb5 Nxe4
24.Bxe4 Rxe4 25.a4 Bxb5 26.Qxb5 Rxe3 27.a5 e4 28.Ra4 Be5 29.Qc6 Rf8 30.Rxf8+ Qxf8
31.Qc1 Qf4 32.Ra3 Qxh2+ 33.Kf2 Qf4+ 34.Kg1  0-1

[Event "CZE-chT 9899"]
[Site "CZE"]
[Date "1999.??.??"]
[Round "7"]
[White "Babula, Vlastimil"]
[Black "Nemec, Pavel"]
[Result "1-0"]
[WhiteElo "2555"]
[BlackElo "2275"]

1.d4 Nf6 2.c4 g6 3.Nc3 Bg7 4.e4 d6 5.Nf3 O-O 6.Be2 Nbd7 7.O-O e5 8.Re1 exd4
9.Nxd4 Re8 10.Bf1 Nc5 11.f3 a5 12.Ndb5 Bd7 13.Bg5 Ne6 14.Bh4 Qb8 15.Qd2 Bxb5
16.cxb5 Nd7 17.Bf2 Nb6 18.Rad1 Nc5 19.Qc2 Re7 20.f4 Ncd7 21.Be2 Qf8 22.Bg4 Nf6
23.Bf3 Nbd7 24.Qb3 Re6 25.Qc4 Qc8 26.Na4 h5 27.Rc1 Ne8 28.Red1 Rb8 29.Ba7 Ra8
30.Bf2 Rb8 31.Ba7 Ra8 32.Bd4 Bh6 33.f5 Ne5 34.Qb3 Rf6 35.Nb6 Qb8 36.Nxa8 Bxc1
37.Rxc1 Qxa8 38.Bxe5 dxe5 39.fxg6 Rxg6 40.Bxh5 Qa7+ 41.Kh1 Rg7 42.b6 Qxb6
43.Qxb6 cxb6 44.Rc8 Kf8 45.Rb8 Rh7 46.Be2 f6 47.Bb5 Re7 48.a4 Kf7 49.Bxe8+ Rxe8
50.Rxe8 Kxe8 51.h4  1-0

[Event "Moravia-chT 9899"]
[Site "CZE"]
[Date "1999.??.??"]
[Round "10"]
[White "Knazovcik, Ladislav"]
[Black "Hrivnak, Daniel"]
[Result "1-0"]
[WhiteElo "2255"]
[BlackElo "2380"]

1.Nf3 Nf6 2.c4 g6 3.Nc3 Bg7 4.e4 d6 5.d4 O-O 6.Be2 e5 7.O-O Nbd7 8.Be3 c6
9.d5 Qe7 10.Qc2 Re8 11.b4 cxd5 12.cxd5 Ng4 13.Bg5 f6 14.Bd2 Nf8 15.h3 Nh6
16.Be3 Bd7 17.Rfc1 Rec8 18.Nd2 f5 19.f3 f4 20.Bf2 Bf6 21.Nc4 Nf7 22.Na5 Bh4
23.Bf1 Nd8 24.Bxh4 Qxh4 25.Qf2 Qxf2+ 26.Kxf2 a6 27.Nc4 Rc7 28.Nxd6 Nf7 29.Nxf7 Kxf7
30.Ne2 Rxc1 31.Rxc1 Ke7 32.Rc7 Rb8 33.Nc1 Kd6 34.Rc3 Rc8 35.Rxc8 Bxc8 36.Ke2 Nd7
37.Kd2 g5 38.a4 h5 39.Nd3 Nf8 40.Nb2 Ng6 41.Kc3 g4 42.hxg4 hxg4 43.Nc4+ Kc7
44.b5 axb5 45.axb5 b6 46.d6+ Kb7 47.fxg4 Bxg4 48.Kb4 Be6 49.Be2 Nh4 50.Nxe5 Nxg2
51.Bc4 Bh3 52.Bd5+ Kc8 53.Nf3 Ne3 54.Bc6 Be6 55.Ng5 Bg8 56.e5 Nc4 57.Nf3 Kd8
58.Kc3 Na5 59.Kd4 Nxc6+ 60.bxc6 b5 61.Kc5 b4 62.Nd4 b3 63.d7  1-0

[Event "CZE-chT 9899"]
[Site "CZE"]
[Date "1999.??.??"]
[Round "10"]
[White "Zpevak, Pavel"]
[Black "Firt, Stanislav"]
[Result "0-1"]
[WhiteElo "2380"]
[BlackElo "2335"]

1.d4 Nf6 2.c4 g6 3.Nc3 Bg7 4.e4 d6 5.Nf3 O-O 6.Be2 e5 7.O-O Nbd7 8.Be3 c6
9.d5 c5 10.Ne1 Ne8 11.Nd3 f5 12.exf5 gxf5 13.f4 Nb6 14.Qb3 e4 15.Ne1 Nf6
16.h3 h5 17.Bf2 Bd7 18.Bh4 Qc7 19.Qd1 a6 20.a4 Be8 21.a5 Nbd7 22.Nc2 b6 23.Ne3 Bg6
24.axb6 Qxb6 25.Na4 Qb8 26.Be1 Rf7 27.Nc2 Bf8 28.b4 Rh7 29.Bc3 h4 30.Qd2 Nh5
31.Bxh5 Bxh5 32.Ne3 Rf7 33.Rab1 Qc7 34.bxc5 dxc5 35.Ba5 Qd6 36.Nb6 Rb8 37.Nxd7 Rxb1
38.Rxb1 Qxd7 39.Bc3 Bd6 40.Be5 Qc7 41.Qb2 Bxe5 42.Qxe5 Qxe5 43.fxe5 f4 44.e6 Rf6
45.d6 Rxe6 46.d7 Rd6 47.Rb8+ Kf7 48.d8=Q Rxd8 49.Rxd8 fxe3 50.Rd5 Be2 51.Rxc5 Kf6
52.Rc8 Bd3 53.c5 Ke5 54.Rd8 Bb5 55.Rd6 a5 56.Rb6 Bd3 57.Rh6 Kd4 58.c6 Kc3
59.c7 e2 60.c8=Q+ Kd2 61.Qc7 e1=Q+ 62.Kh2 Qg3+ 63.Qxg3 hxg3+ 64.Kxg3 e3 65.Re6 a4
66.h4 a3 67.Re7 e2  0-1

[Event "CZE-chT 9899"]
[Site "CZE"]
[Date "1999.??.??"]
[Round "11"]
[White "Gross, Stefan"]
[Black "Belunek, Vladimir"]
[Result "1/2-1/2"]
[WhiteElo "2340"]
[BlackElo "2240"]

1.d4 Nf6 2.c4 g6 3.Nc3 Bg7 4.e4 d6 5.Nf3 O-O 6.Be2 e5 7.d5 Nbd7 8.Be3 a5
9.Nd2 Ne8 10.g4 Nc5 11.Rg1 Bd7 12.g5 c6 13.Nb3 Nxb3 14.Qxb3 c5 15.Bg4 Bxg4
16.Rxg4 f5 17.Rg1 f4 18.Bd2 b6 19.h4 Rf7 20.O-O-O Rb7 21.Qa4 Qd7 22.Qxd7 Rxd7
23.Kc2 Bf8 24.Kb3 Be7 25.Rg4 Rb7 26.Ka4 Nc7 27.Nb5 Na6 28.a3 Bf8 29.Rh1 Rd8
30.Rgg1 Ra8 31.Rh3 Rd8 32.Kb3 Ra8 33.Kc2 Nc7 34.Nxc7 Rxc7 35.Rb3 Rb7 36.Rb5 Be7
37.f3 Bd8 38.b3 Rba7 39.Bc3 Re7 40.b4 axb4 41.axb4 Ra2+ 42.Bb2 Rea7 43.bxc5 bxc5
44.Rb8 Ra8 45.Rb5 Ba5 46.Rh1 Bc7 47.Kd3 Rb8 48.Rxb8+ Bxb8 49.Rb1 Bc7 50.Bc3 Ra7
51.Bd2 Kf7 52.Ke2 Ke7  1/2-1/2

[Event "Dresden op"]
[Site "Dresden"]
[Date "1999.??.??"]
[Round "?"]
[White "Siegmund, Rainer"]
[Black "Polzin, Rainer"]
[Result "0-1"]
[WhiteElo "2150"]
[BlackElo "2475"]

1.d4 Nf6 2.c4 g6 3.Nc3 Bg7 4.e4 d6 5.Nf3 O-O 6.Be2 Na6 7.O-O e5 8.Be3 Ng4
9.Bg5 Qe8 10.h3 h6 11.Bc1 Nf6 12.d5 Nc5 13.Nd2 a5 14.b3 Nh7 15.a3 f5 16.Bb2 Ng5
17.f3 Qe7 18.Re1 h5 19.Bf1 Bh6 20.Bc1 Nh7 21.Rb1 f4 22.b4 axb4 23.axb4 Nd7
24.Be2 Bg5 25.Nb5 Ndf6 26.c5 Bh4 27.Rf1 Ne8 28.Bc4 g5 29.Bb2 g4 30.fxg4 hxg4
31.hxg4 Bg3 32.Be2 Ng5 33.Bf3 Bd7 34.cxd6 Qh7 35.Re1 Qh2+  0-1

[Event "Dresden op"]
[Site "Dresden"]
[Date "1999.??.??"]
[Round "?"]
[White "Mchedlishvili, Mikheil"]
[Black "Maiwald, Jens Uwe"]
[Result "1/2-1/2"]
[WhiteElo "2440"]
[BlackElo "2485"]

1.d4 g6 2.e4 d6 3.c4 Bg7 4.Nf3 Nf6 5.Nc3 O-O 6.Be2 e5 7.d5 a5 8.Be3 Ng4 9.Bg5 f6
10.Bd2 f5 11.Ng5 Nf6 12.exf5 gxf5 13.O-O Qe7 14.f4 e4 15.Be3 h6 16.Nh3 Bd7
17.Qd2 Na6 18.Rab1 Nc5 19.Nf2 b6 20.Bd4 Qf7 21.Nfd1 h5 22.Kh1 Qg6 23.Ne3 Kf7
24.g3 Ng4 25.Bxg7 Qxg7 26.h3 Nf6 27.Rg1 Rh8 28.b3 Ng8  1/2-1/2

[Event "Dresden op"]
[Site "Dresden"]
[Date "1999.??.??"]
[Round "?"]
[White "Chuchelov, Vladimir"]
[Black "Heck, Norbert"]
[Result "1-0"]
[WhiteElo "2530"]
[BlackElo "2355"]

1.Nf3 Nf6 2.c4 g6 3.Nc3 Bg7 4.e4 d6 5.d4 O-O 6.Be2 e5 7.O-O exd4 8.Nxd4 Re8
9.f3 Nc6 10.Be3 Nh5 11.Qd2 f5 12.Rad1 f4 13.Nxc6 bxc6 14.Bxf4 Nxf4 15.Qxf4 Bxc3
16.bxc3 Be6 17.c5 d5 18.exd5 cxd5 19.Bb5 Rf8 20.Qe3 Qf6 21.Rfe1 Rab8 22.Qxe6+ Qxe6
23.Rxe6 Rxb5 24.Rxd5 Rf7 25.Ra6 Re7 26.Rxa7 Re2 27.h4 Rbb2 28.Rd8+ Kg7 29.Rxc7+ Kh6
30.Rdd7 Rxg2+ 31.Kf1  1-0